000 00703nam a2200217Ii 4500
003 JO-AjNU
008 230606s9999||||xx |||||||||||||| ||und||
020 _a0-13-032759-X
040 _aJO-AjNU
_beng
_erda
_cJO-AjNU
041 _aeng
050 1 4 _aHF5635 . I657 2003
100 3 _aWerner,Michael / Jones,Kumen H,
_eauthor
_9617
245 0 0 _aIntroduction to Financial Accounting : A User Perspective
250 _a3 ed
264 3 1 _aNew Jersey : Pearson Education ,2003
300 _a574p
_bIncludes appendix glossary and indexes(P 504-574)
336 _atext
_btxt
_2rdacontent
337 _aunmediated
_bn
_2rdamedia
338 _avolume
_bnc
_2rdacarrier
650 4 _aFinancial Accounting
_9618
999 _aE325
_c325
_d325